Catálogo
 En Linea

El Siglo de China : (Registro nro. 44766)

Detalles MARC
000 -CABECERA
campo de control de longitud fija 00933nam a2200205 a 4500
001 - NÚMERO DE CONTROL
campo de control 000045277
005 - FECHA Y HORA DE LA ÚLTIMA TRANSACCIÓN
campo de control 20201002050026.0
008 - DATOS DE LONGITUD FIJA--INFORMACIÓN GENERAL
campo de control de longitud fija 150223s2007 cl a 000 0 spa d
020 ## - NÚMERO INTERNACIONAL ESTÁNDAR DEL LIBRO
Número Internacional Estándar del Libro 9580486751
040 ## - FUENTE DE LA CATALOGACIÓN
Centro catalogador/agencia de origen DO-SdBNP
Lengua de catalogación spa
Centro/agencia transcriptor BNPHU
100 1# - ENTRADA PRINCIPAL--NOMBRE DE PERSONA
Nombre de persona Shenkar, Oded
9 (RLIN) 73302
240 13 - TÍTULO UNIFORME
Título uniforme The Chinise century
Información miscelánea the rising Chinise economy and its impact on the global economy the balance of power
245 13 - MENCIÓN DE TÍTULO
Título El Siglo de China :
Resto del título la floreciente economía de China y su impacto en la economía global, en el equilibrio del poder y en los empleos /
Mención de responsabilidad, etc. Oded Shenkar; traducción Jorge Cárdenas Nannetti.
260 ## - PUBLICACIÓN, DISTRIBUCIÓN, ETC.
Lugar de publicación, distribución, etc. Colombia :
Nombre del editor, distribuidor, etc. Norma,
Fecha de publicación, distribución, etc. 2007.
300 ## - DESCRIPCIÓN FÍSICA
Extensión 270 p. :
Otras características físicas il. ;
Dimensiones 23 cm.
590 ## - NOTA LOCAL (RLIN)
Nota local Perteneció a la biblioteca personal del Dr. Guaroa Ginebra H.
500 ## - NOTA GENERAL
Nota general Incluye datos biografícos del autor en la solapa
500 ## - NOTA GENERAL
Nota general La biblioteca posee la reimpresión del 2007
700 1# - PUNTO DE ACCESO ADICIONAL--NOMBRE DE PERSONA
Nombre de persona Cárdenas Nannetti, Jorge
Término indicativo de función/relación trad.
9 (RLIN) 42922
Existencias
Estado de retiro Estado de pérdida Restricciones de uso No para préstamo Código de colección Localización permanente Ubicación/localización actual Ubicación en estantería Fecha de adquisición Número de inventario Total de préstamos Signatura topográfica completa Código de barras Fecha visto por última vez Precio válido a partir de Tipo de ítem Koha Nota pública
      Excluido de préstamo Monografías: Libros y Folletos Patrimonio Dominicano Patrimonio Dominicano En catalogación 23.02.2015 LF1   45277-10 25.06.2020 25.06.2020 No se presta Perteneció a la biblioteca personal del Dr. Guaroa Ginebra H.

Con tecnología Koha